All Car Manufacturers in the EU - Statistics

General Stats
  • This quiz has been taken 51 times
    49 since last reset
  • The average score is 28 of 64
Answer Stats
Answer % Correct
Audi
95%
BMW
92%
Volkswagen
92%
Mercedes-Benz
89%
Ferrari
84%
FIAT
84%
Lamborghini
84%
Peugeot
84%
Porsche
82%
Renault
82%
Skoda
82%
Volvo
82%
Citroen
76%
Ford
74%
Seat
71%
Aston Martin
66%
Hyundai
66%
Opel
66%
Toyota
66%
Alfa Romeo
63%
Kia
63%
Chevrolet
61%
Honda
61%
Nissan
61%
Dacia
58%
Maserati
53%
Bugatti
50%
MINI
50%
Land Rover
47%
Mitsubishi
47%
BYD
45%
McLaren
45%
Rolls-Royce
45%
Bentley
42%
Mazda
42%
Suzuki
42%
Tesla
39%
Koenigsegg
37%
Lexus
34%
Smart
34%
Cadillac
32%
Lotus
29%
Subaru
29%
Alpine
24%
Cupra
24%
Jeep
21%
MG Motor
21%
Rimac
18%
Genesis
16%
Polestar
16%
Chery
8%
KGM
8%
Changan
5%
Jaecoo
5%
Leapmotor
3%
Nio
3%
Omoda
3%
Pininfarina
3%
XPENG
3%
Zeekr
3%
Zenvo
3%
Ineos
0%
Seres
0%
Skywell
0%
No matching quizzes found
Score Distribution
Percent of People with Each Score
Percentile by Number Answered
Your Score History
You have not taken this quiz since the last reset